| 000 | 00959nas a2200313 4500 | ||
|---|---|---|---|
| 001 | BR2012009155 | ||
| 003 | BR-BrBNA | ||
| 005 | 20231205121551.0 | ||
| 007 | ta | ||
| 008 | 230509b bl.|||p| |||| 00| 00por d | ||
| 040 |
_aBR-BrBNA _bpor _cBiblioteca Nacional de Agricultura |
||
| 041 | _a(Pt) | ||
| 072 | _aL73; Q03 | ||
| 100 | 1 | _aArçari, A.T. | |
| 100 | 1 | _aMarcos Júnior, G. | |
| 100 | 1 | _aBeltrame, M.A.V. | |
| 245 | 1 | _aCisticercose bovina: estudo com bovinos abatidos em um frigorífico com inspeção federal, em Teixeira de Freitas, Ba | |
| 650 | _aBOVINO | ||
| 650 | _aCARNE | ||
| 650 | _aCISTICERCOSE | ||
| 650 | _aDOENÇA ANIMAL | ||
| 650 | _aABATE | ||
| 650 | _aINSPEÇÃO SANITÁRIA | ||
| 650 | _aSAÚDE PÚBLICA | ||
| 650 | _aPROFILAXIA | ||
| 773 | 0 |
_tHigiene Alimentar (Brazil) _xISSN 0101-9171 _g(Jul-Aug 2012), v. 26(210-211) p. 157-162 _wBR2012009155 |
|
| 909 |
_a202311 _bLúcia _c55 _dLúcia Elande |
||
| 942 |
_2AGRIS _n0 _cANA |
||
| 999 |
_c224155 _d224155 |
||